The Fintastical Tales of Mari A. Fisch. (Record no. 204050)

MARC details
000 -LEADER
fixed length control field 01381nam a2200337 ia4500
003 - CONTROL NUMBER IDENTIFIER
control field OSt
005 - DATE AND TIME OF LATEST TRANSACTION
control field 20260427160854.0
008 - FIXED-LENGTH DATA ELEMENTS--GENERAL INFORMATION
fixed length control field 260427t20252025nyua jrb 000 1 eng d
020 ## - INTERNATIONAL STANDARD BOOK NUMBER
International Standard Book Number 9780063116276
Terms of availability RM 36.95
Qualifying information paperback
040 ## - CATALOGING SOURCE
Original cataloging agency PPAK
Language of cataloging eng
Transcribing agency PPAK
Description conventions rda
082 04 - DEWEY DECIMAL CLASSIFICATION NUMBER
Edition number 23
Classification number 813.6
090 00 - LOCALLY ASSIGNED LC-TYPE CALL NUMBER (OCLC); LOCAL CALL NUMBER (RLIN)
Classification number (OCLC) (R) ; Classification number, CALL (RLIN) (NR) 813.6
Feature heading BRO
Feature heading K
100 1# - MAIN ENTRY--PERSONAL NAME
Personal name Brown, Monica,
Dates associated with a name 1969-
Relator term author.
245 10 - TITLE STATEMENT
Title The Fintastical Tales of Mari A. Fisch.
Number of part/section of a work #1 :
Remainder of title MERMAID MISSION /
Statement of responsibility, etc. Monica Brown ; Illustrated by Emily Mendoza.
246 31 - VARYING FORM OF TITLE
Title proper/short title Mermaid mission
264 #1 - PRODUCTION, PUBLICATION, DISTRIBUTION, MANUFACTURE, AND COPYRIGHT NOTICE
Place of production, publication, distribution, manufacture New York, NY :
Name of producer, publisher, distributor, manufacturer Harper, an imprint of HarperCollins Publishers,
Date of production, publication, distribution, manufacture, or copyright notice [2025]
Date of production, publication, distribution, manufacture, or copyright notice ©2025
300 ## - PHYSICAL DESCRIPTION
Extent 87 pages :
Other physical details illustrations ;
Dimensions 19 cm
336 ## - CONTENT TYPE
Content type term text
Source rdacontent
337 ## - MEDIA TYPE
Media type term unmediated
Source rdamedia
338 ## - CARRIER TYPE
Carrier type term volume
Source rdacarrier
490 1# - SERIES STATEMENT
Series statement The Fintastical Tales of Mari A. Fisch ;
Volume/sequential designation #1
520 ## - SUMMARY, ETC.
Summary, etc. Mermaid princess Mari Triton is sent to become human and spy on humans to learn why they do the weird things they do, such as polluting, but once she's on land, Mari finds the<br/>human world confusing
650 10 - SUBJECT ADDED ENTRY--TOPICAL TERM
Topical term or geographic name entry element Mermaids
Form subdivision Juvenile fiction
Topical term or geographic name entry element Princesses
Form subdivision Juvenile fiction
Topical term or geographic name entry element Quests (Expeditions)
Form subdivision Juvenile fiction
655 #7 - INDEX TERM--GENRE/FORM
Genre/form data or focus term Fantasy fiction
700 1# - ADDED ENTRY--PERSONAL NAME
Personal name Mendoza, Emily,
Relator term illustrator.
830 #0 - SERIES ADDED ENTRY--UNIFORM TITLE
Uniform title The fintastical tales of Mari A. Fisch ;
Volume/sequential designation #1
942 ## - ADDED ENTRY ELEMENTS (KOHA)
Source of classification or shelving scheme Dewey Decimal Classification
Koha item type Book

No items available.